[Event "CAN-op U1800"]
[Site "Sault Ste Marie CAN"]
[Date "2017.07.12"]
[Round "4.44"]
[White "Jones, Avery"]
[Black "Supsup, Ferdinand"]
[Result "0-1"]
[WhiteElo "1392"]
[BlackElo "1739"]
[WhiteFideId "-1"]
[WhiteFideId "-1"]
[PlyCount "80"]
[GameId "2160767908344126"]
[EventDate "2017.07.08"]
[EventType "swiss"]
[EventRounds "9"]
[EventCountry "CAN"]
[SourceTitle "hb 2017"]

1. d4 Nf6 2. Bf4 c6 3. e3 d5 4. Bd3 Bg4 5. f3 Bh5 6. Ne2 Qb6 7. Qc1 Nbd7 8. O-O e6 9. c3 Rc8 10. h3 Be7 11. Nd2 c5 12. Rb1 Bg6 13. Bxg6 hxg6 14. Bh2 O-O 15. Qd1 Rfe8 16. Kh1 Qa6 17. Ra1 Qd3 18. Bg1 Nh5 19. Bf2 cxd4 20. Nc1 Qb5 21. g4 dxe3 22. gxh5 exd2 23. Nb3 Bg5 24. Bd4 e5 25. Bg1 e4 26. f4 e3 27. Bxe3 Rxe3 28. fxg5 Rxh3+ 29. Kg2 Rxh5 30. Qxd2 Re8 31. Nd4 Qb6 32. Rae1 Re4 33. Rxe4 dxe4 34. Qf4 f6 35. Rf2 Rxg5+ 36. Kh2 Ne5 37. b4 Ng4+ 38. Kh1 Nxf2+ 39. Qxf2 Rh5+ 40. Kg2 Qd6 0-1

[Event "CAN-op U1800"]
[Site "Sault Ste Marie CAN"]
[Date "2017.07.12"]
[Round "4.45"]
[White "Kilroy, Evan"]
[Black "Piche, Jeremie"]
[Result "1/2-1/2"]
[WhiteElo "1592"]
[BlackElo "1686"]
[WhiteFideId "-1"]
[WhiteFideId "-1"]
[PlyCount "36"]
[GameId "2160767908344127"]
[EventDate "2017.07.08"]
[EventType "swiss"]
[EventRounds "9"]
[EventCountry "CAN"]
[SourceTitle "hb 2017"]

1. e4 c5 2. Nf3 d6 3. d4 cxd4 4. Nxd4 Nf6 5. Nc3 a6 6. f3 Nbd7 7. Bc4 Ne5 8. Bb3 b5 9. Bg5 e6 10. f4 Nc4 11. Bxc4 bxc4 12. e5 dxe5 13. fxe5 h6 14. exf6 hxg5 15. Qf3 Bd7 16. fxg7 Bxg7 17. Rf1 O-O 18. O-O-O Qe7 1/2-1/2

[Event "CAN-op U1800"]
[Site "Sault Ste Marie CAN"]
[Date "2017.07.12"]
[Round "4.47"]
[White "Dagan, Alfred"]
[Black "Vo, Andy"]
[Result "1-0"]
[WhiteElo "1727"]
[BlackElo "1512"]
[WhiteFideId "-1"]
[WhiteFideId "-1"]
[PlyCount "105"]
[GameId "2160767908344128"]
[EventDate "2017.07.08"]
[EventType "swiss"]
[EventRounds "9"]
[EventCountry "CAN"]
[SourceTitle "hb 2017"]

1. e4 c5 2. Nc3 Nc6 3. Bb5 g6 4. Bxc6 bxc6 5. f4 e6 6. Nf3 Bg7 7. d3 Nf6 8. O-O O-O 9. Qe1 d5 10. e5 Nd7 11. Bd2 Rb8 12. Rb1 Qe7 13. Qg3 Ba6 14. Rfe1 c4 15. d4 Rfc8 16. Qh3 c5 17. Ne2 cxd4 18. Nexd4 Nc5 19. a3 Ne4 20. Bb4 Qd8 21. Rbd1 Bb5 22. Nxe6 Qb6+ 23. Ned4 a5 24. Be7 Ba4 25. Ng5 Nxg5 26. fxg5 Qxb2 27. Bf6 Qb6 28. e6 Rc7 29. Kh1 Be8 30. Bxg7 Kxg7 31. Qh6+ Kg8 32. e7 Bd7 33. Re3 Re8 34. Qh4 Qc5 35. g4 Rxe7 36. Rh3 f6 37. gxf6 Rf7 38. Nf3 Bc6 39. Rd4 Qd6 40. g5 Bd7 41. Rg3 Bf5 42. Qf4 Qxf4 43. Rxf4 Be4 44. Kg1 Bxf3 45. Rgxf3 Rb7 46. Re3 Kf8 47. Rd4 Rfd7 48. Re5 Rb5 49. Rd2 Kf7 50. Rde2 Rdb7 51. Re8 Rd7 52. Rh8 Rdb7 53. Ree8 1-0

[Event "CAN-op U1800"]
[Site "Sault Ste Marie CAN"]
[Date "2017.07.12"]
[Round "4.48"]
[White "Huang, Youhe"]
[Black "Sharma, Vishruth"]
[Result "1-0"]
[WhiteElo "1448"]
[BlackElo "1719"]
[WhiteFideId "-1"]
[WhiteFideId "-1"]
[PlyCount "83"]
[GameId "2160767908344129"]
[EventDate "2017.07.08"]
[EventType "swiss"]
[EventRounds "9"]
[EventCountry "CAN"]
[SourceTitle "hb 2017"]

1. e4 e5 2. Nf3 Nc6 3. Bb5 a6 4. Ba4 Nf6 5. O-O d6 6. Re1 Be7 7. c3 Bg4 8. h3 Bh5 9. d3 O-O 10. Nbd2 b5 11. Bb3 Na5 12. Bc2 c5 13. Nf1 Nc6 14. Ne3 b4 15. Nf5 Bg6 16. N3h4 Nd7 17. Qg4 Bxh4 18. Nxh4 Nf6 19. Qd1 bxc3 20. bxc3 d5 21. Nxg6 hxg6 22. Ba4 Qc7 23. f4 exf4 24. Bxf4 Qc8 25. e5 Nh5 26. Qf3 Nxf4 27. Qxf4 d4 28. Bxc6 Qxc6 29. cxd4 cxd4 30. Qxd4 Rfd8 31. Qc4 Qxc4 32. dxc4 Rac8 33. Rac1 Rd2 34. c5 Kf8 35. e6 Rxa2 36. e7+ Ke8 37. c6 Rb2 38. Red1 Kxe7 39. Rd7+ Ke8 40. Re1+ Kf8 41. c7 Re8 42. Rxe8+ 1-0

[Event "CAN-op U1800"]
[Site "Sault Ste Marie CAN"]
[Date "2017.07.12"]
[Round "4.49"]
[White "Xie, Austin"]
[Black "MacInnis, Jamie"]
[Result "1/2-1/2"]
[WhiteElo "1348"]
[BlackElo "1691"]
[WhiteFideId "-1"]
[WhiteFideId "-1"]
[PlyCount "157"]
[GameId "2160767908344130"]
[EventDate "2017.07.08"]
[EventType "swiss"]
[EventRounds "9"]
[EventCountry "CAN"]
[SourceTitle "hb 2017"]

1. d4 Nf6 2. c4 g6 3. Nc3 Bg7 4. e4 d6 5. Be2 O-O 6. Bg5 h6 7. Be3 a5 8. a3 e6 9. Qd2 Kh7 10. f3 Nbd7 11. Nh3 e5 12. d5 Nc5 13. Qc2 Bd7 14. Nf2 a4 15. Nd3 Nb3 16. Rd1 Ng8 17. Nc1 Nd4 18. Qd3 Ne7 19. O-O f5 20. Rf2 f4 21. Bxd4 exd4 22. N3a2 Bf6 23. g3 Bh3 24. Bf1 fxg3 25. hxg3 Bd7 26. Bg2 Qe8 27. Bf1 Ra7 28. Qd2 Bg7 29. Be2 Rf6 30. Rh2 Ra8 31. Kg2 Qf7 32. Rdh1 Ng8 33. Nd3 Rf8 34. f4 b5 35. e5 dxe5 36. Nxe5 Qe7 37. cxb5 Bf5 38. Qxd4 Bc2 39. Nb4 Bb3 40. Nbc6 Rxc6 41. bxc6 Qd6 42. Bf3 Ne7 43. Qd3 Nxd5 44. Kg1 Qc5+ 45. Rf2 Rf5 46. Be4 Qc1+ 47. Qf1 Qxf1+ 48. Kxf1 Rf6 49. Nxg6 Rxg6 50. Bxg6+ Kxg6 51. Ke2 Nb6 52. Ke1 Nc4 53. Rhh2 Ne3 54. Re2 Nf5 55. Rh3 Nd4 56. Re7 Nxc6 57. Rxc7 Nd4 58. g4 Nc2+ 59. Kf1 Bxb2 60. Rc6+ Bf6 61. g5 hxg5 62. fxg5 Kxg5 63. Rg3+ Kf4 64. Rxb3 axb3 65. Rxf6+ Ke5 66. Rb6 Nxa3 67. Rxb3 Nc4 68. Ke2 Kd4 69. Rd3+ Ke4 70. Rd7 Ne5 71. Re7 Kd4 72. Kf1 Ke4 73. Kf2 Kf4 74. Kg2 Nc4 75. Kh3 Ne5 76. Kh2 Nf3+ 77. Kh3 Ne5 78. Re8 Ke4 79. Kg3 1/2-1/2

[Event "CAN-op U1800"]
[Site "Sault Ste Marie CAN"]
[Date "2017.07.12"]
[Round "4.51"]
[White "Makarczyk, David"]
[Black "Jacobs, Michael"]
[Result "1-0"]
[WhiteElo "1414"]
[BlackElo "1603"]
[WhiteFideId "-1"]
[WhiteFideId "-1"]
[PlyCount "47"]
[GameId "2160767908344131"]
[EventDate "2017.07.08"]
[EventType "swiss"]
[EventRounds "9"]
[EventCountry "CAN"]
[SourceTitle "hb 2017"]

1. e4 e6 2. d4 d5 3. Nd2 Nf6 4. e5 Nfd7 5. Ngf3 c5 6. c3 Nc6 7. Bb5 a6 8. Bxc6 bxc6 9. O-O cxd4 10. cxd4 Be7 11. Nb3 O-O 12. Be3 f6 13. Qd2 a5 14. Rad1 fxe5 15. dxe5 a4 16. Nbd4 Nc5 17. Nxc6 Qc7 18. Nxe7+ Qxe7 19. Qb4 Qe8 20. Qxc5 Ba6 21. Nd4 Qb8 22. Nxe6 Re8 23. Nc7 Rc8 24. Qxd5+ 1-0

[Event "CAN-op U1800"]
[Site "Sault Ste Marie CAN"]
[Date "2017.07.12"]
[Round "5.33"]
[White "Itkin, Victor"]
[Black "Crnilovic, Grisha"]
[Result "1-0"]
[WhiteElo "1761"]
[BlackElo "1617"]
[WhiteFideId "-1"]
[WhiteFideId "-1"]
[PlyCount "62"]
[GameId "2160767908344132"]
[EventDate "2017.07.08"]
[EventType "swiss"]
[EventRounds "9"]
[EventCountry "CAN"]
[SourceTitle "hb 2017"]

1. e4 c5 2. Nf3 Nc6 3. d4 cxd4 4. Nxd4 Nf6 5. Nc3 a6 6. Be2 e6 7. O-O b5 8. Nxc6 dxc6 9. Qxd8+ Kxd8 10. Rd1+ Ke8 11. Bg5 Be7 12. e5 Nd5 13. Nxd5 exd5 14. Bxe7 Kxe7 15. f4 Bf5 16. Bf3 Rac8 17. c3 Rhg8 18. Kf2 g6 19. g4 Be6 20. a4 f5 21. exf6+ Kxf6 22. g5+ Ke7 23. axb5 axb5 24. Re1 Kd6 25. Ra7 Bd7 26. Rxd7+ Kxd7 27. Bg4+ Kd8 28. Bxc8 Kxc8 29. Re7 h6 30. gxh6 Rh8 31. h7 Kd8 1-0

[Event "CAN-op U1800"]
[Site "Sault Ste Marie CAN"]
[Date "2017.07.12"]
[Round "5.34"]
[White "Armstrong, Robert J"]
[Black "Inkpen, Wane"]
[Result "1-0"]
[WhiteElo "1503"]
[BlackElo "1696"]
[WhiteFideId "-1"]
[WhiteFideId "-1"]
[PlyCount "101"]
[GameId "2160767908344133"]
[EventDate "2017.07.08"]
[EventType "swiss"]
[EventRounds "9"]
[EventCountry "CAN"]
[SourceTitle "hb 2017"]

1. d4 e6 2. Nf3 f5 3. c4 Nf6 4. Nc3 Bb4 5. e3 O-O 6. Be2 b6 7. O-O Bb7 8. Qc2 Bxc3 9. Qxc3 Ne4 10. Qc2 d6 11. b4 a5 12. c5 axb4 13. cxb6 c5 14. dxc5 dxc5 15. Bc4 Qxb6 16. Qb3 Nc6 17. Bxe6+ Kh8 18. Bd7 Na5 19. Qc2 c4 20. Nd4 g6 21. Rb1 Qd6 22. Bb5 Nc3 23. Bb2 Be4 24. Bxc3 bxc3 25. Qxc3 Qf6 26. Rb2 Bc6 27. a4 Bxb5 28. axb5 Rfc8 29. Rc1 Nb3 30. Nxb3 Qxc3 31. Rxc3 cxb3 32. Rxc8+ Rxc8 33. g3 Rb8 34. Rxb3 Rb6 35. f4 Kg7 36. Kf2 Kf6 37. Kf3 Ke6 38. e4 fxe4+ 39. Kxe4 Kd6 40. g4 Kc5 41. f5 gxf5+ 42. Kxf5 h6 43. h4 Kd6 44. g5 hxg5 45. hxg5 Ke7 46. Ke5 Kd7 47. Kd5 Rg6 48. Rg3 Kc7 49. b6+ Kxb6 50. Ke5 Kc7 51. Kf5 1-0

[Event "CAN-op U1800"]
[Site "Sault Ste Marie CAN"]
[Date "2017.07.12"]
[Round "5.35"]
[White "McGilly, Craig"]
[Black "Belanger, Robin"]
[Result "0-1"]
[WhiteElo "1524"]
[BlackElo "1439"]
[WhiteFideId "-1"]
[WhiteFideId "-1"]
[PlyCount "76"]
[GameId "2160767908344134"]
[EventDate "2017.07.08"]
[EventType "swiss"]
[EventRounds "9"]
[EventCountry "CAN"]
[SourceTitle "hb 2017"]

1. c4 Nf6 2. Nc3 g6 3. e4 d6 4. d4 Bg7 5. Nf3 O-O 6. Bg5 Nbd7 7. Qd2 Re8 8. Be2 c5 9. d5 Ng4 10. h3 Nge5 11. Rb1 a6 12. Nh2 Nb6 13. b3 f6 14. Be3 f5 15. f3 e6 16. O-O exd5 17. exd5 Nf7 18. f4 Rxe3 19. Nd1 Re8 20. Nf3 Nd7 21. Nf2 Nf6 22. Bd3 Ne4 23. Qc2 Nxf2 24. Rxf2 Bd7 25. b4 b6 26. g3 Rb8 27. Kg2 Qf6 28. Rb3 Ba4 29. Qb1 Bxb3 30. axb3 Re3 31. Rd2 Qc3 32. Rd1 Qxb4 33. Bc2 Re2+ 34. Kg1 Rbe8 35. Kf1 Qc3 36. Ng1 Rxc2 37. g4 Bd4 38. g5 Rf2# 0-1

[Event "CAN-op U1800"]
[Site "Sault Ste Marie CAN"]
[Date "2017.07.12"]
[Round "5.36"]
[White "Toussaint, Claude"]
[Black "Sadler, Kirk"]
[Result "1/2-1/2"]
[WhiteElo "1516"]
[BlackElo "1422"]
[WhiteFideId "-1"]
[WhiteFideId "-1"]
[PlyCount "91"]
[GameId "2160767908344135"]
[EventDate "2017.07.08"]
[EventType "swiss"]
[EventRounds "9"]
[EventCountry "CAN"]
[SourceTitle "hb 2017"]

1. e4 Nf6 2. e5 Nd5 3. d4 d6 4. Nf3 dxe5 5. Nxe5 c6 6. c4 Nf6 7. Be2 Nbd7 8. Nf3 g6 9. O-O Bg7 10. Nc3 Nb6 11. h3 O-O 12. Be3 Bf5 13. Qd2 Ne4 14. Nxe4 Bxe4 15. Ng5 Bf5 16. b3 Qd7 17. Rad1 Rfd8 18. Bf3 Qc8 19. Ne4 Nd7 20. Qb4 Bf8 21. c5 b6 22. Qc4 bxc5 23. dxc5 Ne5 24. Qe2 Qe6 25. Ng5 Qf6 26. Be4 h6 27. Bxf5 Qxf5 28. Nf3 Nxf3+ 29. Qxf3 Qxf3 30. gxf3 e5 31. Rfe1 Rd5 32. b4 Rad8 33. Rxd5 Rxd5 34. Kf1 f5 35. Ke2 f4 36. Bd2 a5 37. a3 Kf7 38. Rc1 axb4 39. axb4 Kf6 40. h4 Be7 41. Bc3 Kf5 42. Ra1 Bxc5 43. bxc5 Rxc5 44. Bd2 g5 45. hxg5 hxg5 46. Ra8 1/2-1/2

[Event "CAN-op U1800"]
[Site "Sault Ste Marie CAN"]
[Date "2017.07.12"]
[Round "5.37"]
[White "Sadler, Craig"]
[Black "Benggawan, Undriadi"]
[Result "1-0"]
[WhiteElo "1642"]
[BlackElo "1639"]
[WhiteFideId "-1"]
[WhiteFideId "-1"]
[PlyCount "99"]
[GameId "2160767908344136"]
[EventDate "2017.07.08"]
[EventType "swiss"]
[EventRounds "9"]
[EventCountry "CAN"]
[SourceTitle "hb 2017"]

1. e4 g6 2. d4 Bg7 3. Nc3 c5 4. Be3 cxd4 5. Bxd4 Bxd4 6. Qxd4 Nf6 7. O-O-O Nc6 8. Qe3 d6 9. f3 O-O 10. Bc4 Na5 11. Bd3 Be6 12. Nh3 Kg7 13. Nf4 Bc4 14. g4 Qb6 15. Qxb6 axb6 16. a3 Nd7 17. h4 Ne5 18. Bxc4 Naxc4 19. Rdf1 Rfc8 20. Ncd5 e6 21. Nb4 Nc6 22. Nfd3 Nd4 23. Rf2 Rc7 24. Rd1 Ne3 25. Re1 Nc4 26. c3 Nc6 27. Kc2 Rac8 28. Kb3 N4e5 29. Nxe5 Nxe5 30. Rd1 Nc4 31. f4 Rd8 32. Rd4 b5 33. Rf3 Na5+ 34. Kc2 Nc6 35. Nxc6 bxc6 36. Rfd3 d5 37. exd5 exd5 38. c4 bxc4 39. Rxc4 Rdc8 40. Rc5 f6 41. Rdc3 Kf7 42. b4 Ke7 43. b5 Kd6 44. Rxc6+ Rxc6 45. Rxc6+ Rxc6+ 46. bxc6 Kxc6 47. Kd3 h6 48. h5 g5 49. fxg5 fxg5 50. Kd4 1-0

[Event "CAN-op U1800"]
[Site "Sault Ste Marie CAN"]
[Date "2017.07.12"]
[Round "5.38"]
[White "Faust, Steven"]
[Black "McNichol, Paul"]
[Result "1-0"]
[WhiteElo "1602"]
[BlackElo "1556"]
[WhiteFideId "-1"]
[WhiteFideId "-1"]
[PlyCount "93"]
[GameId "2160767908344137"]
[EventDate "2017.07.08"]
[EventType "swiss"]
[EventRounds "9"]
[EventCountry "CAN"]
[SourceTitle "EXT 2022"]
[Source "ChessBase"]
[SourceDate "2021.10.06"]
[SourceVersion "1"]
[SourceVersionDate "2021.10.06"]
[SourceQuality "1"]

1. Nf3 d5 2. g3 Nf6 3. Bg2 g6 4. d4 Bg7 5. O-O O-O 6. Ne5 c6 7. Nd2 Be6 8. h3 Na6 9. Nd3 Ne4 10. c3 Nxd2 11. Bxd2 h6 12. Kh2 Kh7 13. Qb3 Qb6 14. Rae1 Qxb3 15. axb3 Rae8 16. b4 Nc7 17. e4 dxe4 18. Bxe4 Bc4 19. b3 Bxb3 20. Nc5 Bc4 21. Rg1 e5 22. dxe5 Bxe5 23. Nd7 Rg8 24. Nxe5 Rxe5 25. Bxg6+ Rxg6 26. Rxe5 Ne6 27. f4 Rg8 28. f5 Ng5 29. Bxg5 Rxg5 30. g4 Rg8 31. Re7 Rb8 32. Rge1 Rd8 33. R1e3 Rd2+ 34. Kg3 Bd5 35. Kh4 a6 36. Rxb7 Rc2 37. Rb6 Ra2 38. Rb8 Rb2 39. Rc8 Rc2 40. g5 hxg5+ 41. Kxg5 Rg2+ 42. Kf6 Rg8 43. Rxg8 Kxg8 44. Rg3+ Kh8 45. Rg7 Bc4 46. Rxf7 Bxf7 47. Kxf7 1-0

[Event "CAN-op U1800"]
[Site "Sault Ste Marie CAN"]
[Date "2017.07.12"]
[Round "5.39"]
[White "Thomson, Bruce"]
[Black "Schmiege, Glen"]
[Result "1/2-1/2"]
[WhiteElo "1371"]
[BlackElo "1721"]
[WhiteFideId "-1"]
[WhiteFideId "-1"]
[PlyCount "98"]
[GameId "2160767908344138"]
[EventDate "2017.07.08"]
[EventType "swiss"]
[EventRounds "9"]
[EventCountry "CAN"]
[SourceTitle "hb 2017"]

1. d4 d5 2. c4 c6 3. Nf3 Nf6 4. Nc3 dxc4 5. a4 Bf5 6. e3 e6 7. Bxc4 Bb4 8. O-O O-O 9. h3 h6 10. Qe2 Ne4 11. Nxe4 Bxe4 12. Bd3 Bxd3 13. Qxd3 Qd6 14. Bd2 Rd8 15. Qc4 Bxd2 16. Nxd2 Na6 17. Ne4 Qd5 18. Qxd5 Rxd5 19. Rfc1 Rad8 20. Rc4 f6 21. g3 Kf7 22. Kg2 f5 23. Nc3 R5d7 24. Rc1 Nc7 25. b4 Nd5 26. Nxd5 Rxd5 27. f4 g5 28. fxg5 hxg5 29. Rc5 a6 30. Rxd5 Rxd5 31. Rc5 Rd7 32. Kf3 Kf6 33. b5 cxb5 34. axb5 a5 35. b6 Rd6 36. Rxa5 Rxb6 37. Ra3 Rb1 38. g4 b5 39. gxf5 b4 40. Ra5 Rf1+ 41. Ke4 Rxf5 42. Ra2 b3 43. Rb2 Rb5 44. Kd3 Kg6 45. e4 Kh5 46. Kc4 Rb8 47. Rxb3 Rc8+ 48. Kb5 Rb8+ 49. Kc4 Rc8+ 1/2-1/2

[Event "CAN-op U1800"]
[Site "Sault Ste Marie CAN"]
[Date "2017.07.12"]
[Round "5.41"]
[White "Zhao, Jeffrey Renfei"]
[Black "Orozco, Joey"]
[Result "0-1"]
[WhiteElo "1525"]
[BlackElo "1740"]
[WhiteFideId "-1"]
[WhiteFideId "-1"]
[PlyCount "54"]
[GameId "2160767908344139"]
[EventDate "2017.07.08"]
[EventType "swiss"]
[EventRounds "9"]
[EventCountry "CAN"]
[SourceTitle "hb 2017"]

1. e4 e6 2. d4 d5 3. Nc3 Nf6 4. e5 Nfd7 5. f4 c5 6. Nf3 Be7 7. Be3 Nc6 8. Be2 O-O 9. O-O f6 10. Kh1 cxd4 11. Nxd4 Nxd4 12. Bxd4 fxe5 13. fxe5 Qc7 14. Bg4 Nxe5 15. Rxf8+ Bxf8 16. Bxe6+ Bxe6 17. Qe2 Bd6 18. Re1 Bg4 19. Qb5 Nf7 20. Qxd5 Qc6 21. Qb3 Re8 22. Rxe8+ Qxe8 23. Qxb7 h6 24. Qxa7 Qe1+ 25. Bg1 Bxh2 26. a4 Be5 27. a5 Qh4+ 0-1

[Event "CAN-op U1800"]
[Site "Sault Ste Marie CAN"]
[Date "2017.07.13"]
[Round "5.42"]
[White "Wang, Kai"]
[Black "Kuttner, Amos"]
[Result "1-0"]
[WhiteElo "1679"]
[BlackElo "1706"]
[WhiteFideId "-1"]
[WhiteFideId "-1"]
[PlyCount "73"]
[GameId "2160767908344140"]
[EventDate "2017.07.08"]
[EventType "swiss"]
[EventRounds "9"]
[EventCountry "CAN"]
[SourceTitle "EXT 2022"]
[Source "ChessBase"]
[SourceDate "2021.10.06"]
[SourceVersion "1"]
[SourceVersionDate "2021.10.06"]
[SourceQuality "1"]

1. e4 e5 2. Bc4 Nf6 3. d3 Be7 4. Nf3 Nc6 5. c3 d6 6. Nbd2 Bd7 7. Bb3 Na5 8. Bc2 c5 9. Nf1 Nc6 10. Ng3 O-O 11. O-O d5 12. Qe2 d4 13. Ba4 Qc7 14. Nh4 Qa5 15. Bb3 dxc3 16. bxc3 Qxc3 17. Bd2 Qd4 18. Rac1 Bg4 19. Qe1 Qd8 20. Nhf5 Nd4 21. Nxd4 cxd4 22. f4 Nd7 23. f5 Bh4 24. Bd5 Rb8 25. Bb4 Re8 26. Qd2 Bxg3 27. hxg3 Nf6 28. Bb3 Bh5 29. Rc5 Qd7 30. Rfc1 Rbc8 31. Ba4 Qxa4 32. Rxc8 h6 33. Bd6 Qd7 34. Rxe8+ Qxe8 35. Qa5 Nd7 36. Qxa7 f6 37. Qxb7 1-0

[Event "CAN-op U1800"]
[Site "Sault Ste Marie CAN"]
[Date "2017.07.13"]
[Round "5.43"]
[White "Supsup, Ferdinand"]
[Black "Dagan, Alfred"]
[Result "1-0"]
[WhiteElo "1739"]
[BlackElo "1727"]
[WhiteFideId "-1"]
[WhiteFideId "-1"]
[PlyCount "29"]
[GameId "2160767908344141"]
[EventDate "2017.07.08"]
[EventType "swiss"]
[EventRounds "9"]
[EventCountry "CAN"]
[SourceTitle "hb 2017"]

1. e4 e5 2. Nf3 Nc6 3. d4 exd4 4. Nxd4 Bc5 5. Nb3 Bb6 6. Nc3 d6 7. Qe2 Nd4 8. Qd3 Nxb3 9. cxb3 c6 10. Bf4 Bc5 11. Qg3 Qf6 12. O-O-O Be6 13. Rd2 d5 14. Be5 Qg6 15. Bxg7 1-0

[Event "CAN-op U1800"]
[Site "Sault Ste Marie CAN"]
[Date "2017.07.13"]
[Round "5.44"]
[White "Piche, Jeremie"]
[Black "Bui, Alan"]
[Result "1/2-1/2"]
[WhiteElo "1686"]
[BlackElo "1716"]
[WhiteFideId "-1"]
[WhiteFideId "-1"]
[PlyCount "76"]
[GameId "2160767908344142"]
[EventDate "2017.07.08"]
[EventType "swiss"]
[EventRounds "9"]
[EventCountry "CAN"]
[SourceTitle "hb 2017"]

1. e4 e5 2. Nf3 Nc6 3. Bb5 a6 4. Bxc6 dxc6 5. O-O f6 6. h3 Bc5 7. d3 Ne7 8. Re1 O-O 9. Be3 Bd6 10. Nbd2 Be6 11. Nb3 b6 12. d4 Ng6 13. Nbd2 Qe7 14. c3 Rfd8 15. b3 c5 16. d5 Bd7 17. Nc4 a5 18. a4 Ra7 19. Nfd2 f5 20. exf5 Bxf5 21. Qh5 Rf8 22. Bg5 Qf7 23. Nxd6 cxd6 24. c4 Bc2 25. f3 Qf5 26. Qg4 Qd3 27. Qe4 Qxd2 28. Bxd2 Bxe4 29. Rxe4 Raf7 30. Bg5 h6 31. Bh4 Nxh4 32. Rxh4 Rf4 33. Rxf4 Rxf4 34. Kf2 Rd4 35. Ke3 Kf7 36. Rf1 g5 37. g4 Kf6 38. Rh1 Rf4 1/2-1/2

[Event "CAN-op U1800"]
[Site "Sault Ste Marie CAN"]
[Date "2017.07.13"]
[Round "5.45"]
[White "Essery, Richard"]
[Black "Kilroy, Evan"]
[Result "1-0"]
[WhiteElo "1630"]
[BlackElo "1592"]
[WhiteFideId "-1"]
[WhiteFideId "-1"]
[PlyCount "51"]
[GameId "2160767908344143"]
[EventDate "2017.07.08"]
[EventType "swiss"]
[EventRounds "9"]
[EventCountry "CAN"]
[SourceTitle "hb 2017"]

1. d4 d5 2. Nf3 Nf6 3. Bf4 e6 4. h3 Nbd7 5. e3 Be7 6. Nbd2 O-O 7. Bd3 c5 8. c3 c4 9. Bc2 b5 10. Qe2 Bb7 11. a3 Qb6 12. Ne5 Rfd8 13. Ndf3 Ne4 14. Nxd7 Rxd7 15. Ne5 Rdd8 16. Qh5 g6 17. Qg4 a5 18. h4 Nf6 19. Qf3 b4 20. Rb1 b3 21. Bd1 Bxa3 22. bxa3 Ne4 23. Nxf7 Rf8 24. Nh6+ Kg7 25. g4 Rxf4 26. Qxf4 1-0

[Event "CAN-op U1800"]
[Site "Sault Ste Marie CAN"]
[Date "2017.07.13"]
[Round "5.46"]
[White "Makarczyk, David"]
[Black "Konovalenko, Nicholas"]
[Result "0-1"]
[WhiteElo "1414"]
[BlackElo "1706"]
[WhiteFideId "-1"]
[WhiteFideId "-1"]
[PlyCount "36"]
[GameId "2160767908344144"]
[EventDate "2017.07.08"]
[EventType "swiss"]
[EventRounds "9"]
[EventCountry "CAN"]
[SourceTitle "hb 2017"]

1. e4 c5 2. Nc3 Nc6 3. f4 e6 4. Nf3 d5 5. exd5 exd5 6. d4 Nf6 7. Bb5 a6 8. Bxc6+ bxc6 9. O-O Be7 10. Ne5 Bb7 11. Kh1 O-O 12. Ne2 Bd6 13. c3 Re8 14. Ng3 cxd4 15. cxd4 Ne4 16. Qg4 f6 17. Nf5 g6 18. Nxg6 Nf2+ 0-1

[Event "CAN-op U1800"]
[Site "Sault Ste Marie CAN"]
[Date "2017.07.13"]
[Round "5.47"]
[White "Huang, Youhe"]
[Black "Clarke, Brian"]
[Result "1-0"]
[WhiteElo "1448"]
[BlackElo "1690"]
[WhiteFideId "-1"]
[WhiteFideId "-1"]
[PlyCount "59"]
[GameId "2160767908344145"]
[EventDate "2017.07.08"]
[EventType "swiss"]
[EventRounds "9"]
[EventCountry "CAN"]
[SourceTitle "hb 2017"]

1. e4 d6 2. d4 Nf6 3. Nc3 c6 4. f4 e6 5. e5 Nd5 6. Nf3 Be7 7. Bd3 Nxc3 8. bxc3 Bh4+ 9. g3 Be7 10. exd6 Bxd6 11. Ng5 h6 12. Qh5 Qe7 13. Nxf7 Qxf7 14. Bg6 Rf8 15. Bxf7+ Rxf7 16. O-O Nd7 17. Re1 Nf6 18. Qg6 Kf8 19. Bb2 Bd7 20. Re2 Re7 21. Rae1 Be8 22. Qd3 Bf7 23. c4 Rd8 24. d5 Bb4 25. Ba3 Bxa3 26. Qxa3 cxd5 27. cxd5 Nxd5 28. f5 b5 29. fxe6 b4 30. Qf3 1-0

[Event "CAN-op U1800"]
[Site "Sault Ste Marie CAN"]
[Date "2017.07.13"]
[Round "5.48"]
[White "MacInnis, Jamie"]
[Black "Jones, Avery"]
[Result "1/2-1/2"]
[WhiteElo "1691"]
[BlackElo "1392"]
[WhiteFideId "-1"]
[WhiteFideId "-1"]
[PlyCount "99"]
[GameId "2160767908344146"]
[EventDate "2017.07.08"]
[EventType "swiss"]
[EventRounds "9"]
[EventCountry "CAN"]
[SourceTitle "hb 2017"]

1. c4 c6 2. g3 Nf6 3. Nf3 g6 4. b3 Bg7 5. Bb2 O-O 6. Bg2 d5 7. O-O Qb6 8. cxd5 cxd5 9. d3 Nc6 10. Nc3 e5 11. Rc1 Bh6 12. Nd2 Be6 13. Na4 Qd8 14. Nc5 Bc8 15. a3 Re8 16. b4 Qd6 17. Rc2 b6 18. Ncb3 Bb7 19. Qa1 Bg7 20. b5 Nd4 21. Nxd4 exd4 22. Nf3 Nd7 23. Bxd4 Bxd4 24. Nxd4 Nc5 25. Bf3 Red8 26. Qa2 Rab8 27. Rfc1 h6 28. h4 h5 29. Bg2 Re8 30. Bh3 Re7 31. Nb3 Rbe8 32. Nxc5 bxc5 33. e3 Bc8 34. Bxc8 Rxc8 35. a4 Rec7 36. Qa3 Qe7 37. a5 Kh7 38. Kf1 Kg8 39. Qb3 Qd6 40. Ke2 Kh7 41. Qa3 Qe7 42. d4 c4 43. Qxe7 Rxe7 44. Kd2 f5 45. Kc3 Kg7 46. Ra1 Rb7 47. Rb2 Rcb8 48. Rab1 Kf7 49. f3 Ke6 50. Re1 1/2-1/2

[Event "CAN-op U1800"]
[Site "Sault Ste Marie CAN"]
[Date "2017.07.13"]
[Round "5.49"]
[White "Gillanders, Robert"]
[Black "Xie, Austin"]
[Result "0-1"]
[WhiteElo "1771"]
[BlackElo "1348"]
[WhiteFideId "-1"]
[WhiteFideId "-1"]
[PlyCount "116"]
[GameId "2160767908344147"]
[EventDate "2017.07.08"]
[EventType "swiss"]
[EventRounds "9"]
[EventCountry "CAN"]
[SourceTitle "hb 2017"]

1. d4 d5 2. c4 e6 3. Nf3 Nf6 4. g3 c6 5. Bg2 Nbd7 6. O-O b6 7. cxd5 cxd5 8. Nc3 Ba6 9. Re1 Bb7 10. Qa4 a6 11. Bf4 b5 12. Qb3 Nb6 13. Nxb5 axb5 14. Qxb5+ Nfd7 15. Ne5 Ba6 16. Qb3 Nxe5 17. Bxe5 Bc4 18. Qc2 f6 19. Bf4 Bd6 20. e4 Bxf4 21. gxf4 O-O 22. b3 Ba6 23. Qc6 Re8 24. Qc3 dxe4 25. Bxe4 Nd5 26. Qd2 Rc8 27. Rac1 Qd6 28. Bxd5 Qxd5 29. Qe3 Bb7 30. f3 Rxc1 31. Rxc1 Qxf3 32. Qxf3 Bxf3 33. Kf2 Bd5 34. Ke3 Ra8 35. Rc2 f5 36. Rb2 Kf7 37. Kd2 Kg6 38. Kc3 Kh5 39. Kb4 Kg4 40. Rf2 g5 41. fxg5 Kxg5 42. h4+ Kg4 43. Rc2 Kxh4 44. Rh2+ Kg3 45. Rxh7 Rxa2 46. Rg7+ Kf4 47. Rh7 Ke4 48. Kc3 Ra3 49. Rh4+ f4 50. Kc2 Rxb3 51. Rh1 f3 52. Rh4+ Ke3 53. Kd1 Rd3+ 54. Kc2 Rxd4 55. Rh3 Ke2 56. Kc3 Rc4+ 57. Kb2 f2 58. Rh2 Ke1 0-1